000 03187nam a22002897a 4500
003 OSt
005 20251111142635.0
007 cr ||||||a|c|a
008 230503s2020 mx adb|fom||| 001 0 spa d
040 _erda
100 1 _9186825
_aPérez Pérez, Williams Jenry
245 1 0 _aEficientar la cría del parasitoide Trichopria drosophilae a través del aumento en la parasitación de las pupas de Drosophila suzukii /
_cpor Williams Jenry Pérez Pérez; director de tesis Jaime González Cabrera
264 1 _aChapingo, México :
_bEl autor,
_c2020.
300 _a1 recurso en línea (63 págias):
_bilustraciones, gráficas, mapas
336 _2rdacontent
_atexto
_btxt
337 _2rdamedia
_acomputadora
_bc
338 _2rdacarrier
_arecurso en línea
_bcr
502 _bIAg
_cAgroecología
_d2020.
_gLIC
504 _aIncluye referencias bibliográficas: páginas 50-59
520 _aLa mosca del vinagre de alas manchadas Drosophila suzukii (Diptera: Drosophiliade) se detectó en México por primera vez en el 2011, y para complementar las medidas fitosanitarias aplicadas en la industria nacional de frutillas, el gobierno mexicano estableció la cría del parasitoide Trichopria drosophilae (Hymenoptera: Driapriidae) en el 2013. Hoy en día, se considera una cría masiva muy exitosa; sin embargo, los porcentajes de parasitismo, de su huésped D. suzukii son alrededor de 60%. Por lo que, para aumentar este porcentaje y de esta manera hacer más eficiente la cría del parasitoide, se evaluaron seis aspectos relacionados con un manejo óptimo del parasitoide y su huésped D. suzukii. Como resultados, se encontró que (1) las pupas de D. suzukii de 1 día de edad fueron más aceptadas como sustrato de oviposición por T. drosophilae; (2) la oviposición óptima de T. drosophilae se registró cuando hubo 20 pupas disponibles como sustrato de oviposición; (3) la cantidad óptima de machos en grupos de hembras de T. drosophilae fue 1 a 7; (4) el tamaño óptimo de contenedores para parasitar pupas fue 11. 5 cm3; (5) tanto el método de peso como volumen registraron gradientes altamente correlacionados con la cantidad de pupas presentes en una charola de producción R2 de 0.9999 y 0.9922, respectivamente, y (6) la duración optima de parasitación de T. drosophilae fue de 72 horas. La segunda parte de este trabajo consistió en validar la implementación de los resultados obtenidos, y los resultados indicaron que el método modificado (forma normal + ajustes) aumentó 16% el porcentaje de parasitismo. Estos resultados avanzan un paso más en el desarrollo de un método eficiente de cría masiva de T. drosophilae para su posterior uso generalizado como agente de control biológico dentro de un manejo agroecológico de plagas de D. suzukii en México
650 4 _927587
_aControl biológico de plagas
650 0 _9167017
_aCultivos
_x Plagas Control de plagas
650 4 _9132433
_aInsectos como agentes de control biológico de plagas
700 1 _948744
_aGonzález Cabrera, Jaime
_edirector.
856 _uhttp://10.13.5.2/tesis/tl/Perez_Perez_Williams_Jenry.pdf
_zDESCARGAR PDF
942 _2Clasificación Universidad Autónoma Chapingo
_cTD
999 _c218665
_d218665